000 00527nam a2200169Ia 4500
003 GCL
008 140319s9999 xx 000 0 ara d
040 _aGCL /
_cGCL
082 0 4 _a347.02
_bأ ن
100 1 _aامينة النمر
245 1 0 _aالنصاب النهائى للمحاكم /
_cامينة النمر
260 _a[S.N] :
_bمنشاة المعارف الاسلامية ،
_c1979
300 _a96 ص
490 _aالكتب القانونية
_v0
650 0 4 _aقانون المرافعات
942 _2ddc
_cBK
999 _c36621
_d36621